Statistics for Biggest Cities in each U.S. State - Extreme - With a Map

Click here to take the quiz!

General Stats

  • This quiz has been taken 260 times
    (226 since last reset)
  • The average score is 136 of 200

Answers on the Map

Answers color-coded by a green-red scale on the quiz's map according to % correct below.
 

Answer Stats

StatePopulationCity% Correct
Texas1,011,790Austin
96%
Texas1,347,120Dallas
96%
Texas2,323,660Houston
96%
California3,983,540Los Angeles
96%
Washington776,555Seattle
96%
Colorado749,103Denver
95%
Florida478,251Miami
95%
New York8,230,290New York City
95%
Arizona1,733,630Phoenix
95%
Oregon662,549Portland
95%
Maine65,835Portland
95%
California883,255San Francisco
95%
Hawaii341,302Honolulu
94%
Mississippi154,340Jackson
94%
Kansas152,950Kansas City
94%
Missouri501,957
Kansas City
94%
Pennsylvania1,585,010Philadelphia
94%
Texas1,581,730San Antonio
94%
Alaska282,958Anchorage
93%
Georgia524,067Atlanta
93%
Maryland575,584Baltimore
93%
Illinois2,679,080Chicago
93%
Georgia198,969Columbus
93%
Ohio913,921Columbus
93%
Nevada667,501Las Vegas
93%
Tennessee678,448Nashville
93%
Oklahoma669,347Oklahoma City
93%
Florida290,520Orlando
93%
Utah200,831Salt Lake City
93%
California1,427,720San Diego
93%
Florida404,636Tampa
93%
Idaho229,993Boise
92%
Massachusetts695,506Boston
92%
New York254,290Buffalo
92%
Michigan664,139Detroit
92%
Indiana887,432Indianapolis
92%
Florida929,647Jacksonville
92%
Minnesota439,012Minneapolis
92%
Louisiana388,424New Orleans
92%
Pennsylvania299,718Pittsburgh
92%
Missouri294,890Saint Louis
92%
New Mexico566,281Albuquerque
91%
Iowa210,723Des Moines
91%
Alaska31,848Juneau
91%
Arkansas196,968Little Rock
91%
Alabama207,235Birmingham
90%
Ohio307,266Cincinnati
90%
Ohio376,599Cleveland
90%
Kentucky615,492Louisville
90%
Tennessee651,011Memphis
90%
North Carolina483,579Raleigh
90%
Minnesota310,368Saint Paul
90%
California1,009,340San Jose
90%
Arizona554,503Tucson
90%
North Carolina912,096Charlotte
89%
Alabama198,525Montgomery
89%
Louisiana216,328Baton Rouge
88%
West Virginia45,264Charleston
88%
South Carolina140,476Charleston
88%
Colorado489,529Colorado Springs
88%
Wisconsin587,721Milwaukee
88%
Nebraska479,976Omaha
88%
Nebraska293,446Lincoln
87%
Wisconsin263,332Madison
87%
Nevada266,511Reno
87%
Oklahoma402,742Tulsa
87%
Oregon177,803Salem
86%
New Mexico85,627Santa Fe
86%
Kansas391,352Wichita
86%
Wyoming65,035Cheyenne
85%
Rhode Island180,629Providence
85%
Virginia450,224Virginia Beach
85%
Georgia199,614Augusta
84%
South Carolina129,482Columbia
84%
Missouri124,519Columbia
84%
New Jersey282,529Newark
84%
Delaware33,419Newark
84%
Alaska29,859Fairbanks
83%
New York207,055Rochester
83%
Minnesota122,711Rochester
83%
South Dakota190,583Sioux Falls
83%
Michigan202,767Grand Rapids
82%
Connecticut121,203Hartford
82%
Kentucky324,604Lexington
82%
Alabama186,452Mobile
82%
Missouri168,568Springfield
82%
Massachusetts152,160Springfield
82%
North Dakota74,129Bismarck
81%
Washington227,579Spokane
81%
Montana109,843Billings
80%
Tennessee188,085Knoxville
79%
Oregon176,444Eugene
78%
New Jersey258,523Jersey City
78%
Delaware38,482Dover
77%
North Dakota125,804Fargo
77%
Wisconsin104,068Green Bay
77%
Ohio268,609Toledo
77%
Arizona538,146Mesa
76%
Indiana276,286Fort Wayne
75%
Connecticut143,653Bridgeport
73%
North Carolina301,094Greensboro
73%
Nevada265,224North Las Vegas
73%
Utah116,594Provo
73%
Washington221,259Tacoma
73%
Illinois194,873Aurora
72%
Colorado388,723Aurora
72%
Tennessee184,561Chattanooga
72%
Nevada341,531Henderson
72%
Alabama205,472Huntsville
72%
New Hampshire44,019Concord
70%
Connecticut130,764New Haven
70%
Delaware69,584Wilmington
70%
New Hampshire113,035Manchester
69%
North Carolina287,865Durham
68%
Pennsylvania93,928Erie
68%
Louisiana182,616Shreveport
68%
New York201,344Yonkers
68%
Minnesota85,142Duluth
67%
Virginia241,056Norfolk
67%
Iowa83,193Sioux City
66%
Vermont43,063Burlington
65%
Massachusetts185,174Worcester
63%
Wyoming58,763Casper
62%
Iowa134,268Cedar Rapids
62%
Arkansas89,540Fayetteville
62%
Washington187,615Vancouver
62%
Hawaii45,056Hilo
61%
Idaho64,618Idaho Falls
61%
Louisiana125,813Lafayette
61%
New Mexico104,672Las Cruces
61%
Pennsylvania121,252Allentown
58%
Virginia249,787Chesapeake
58%
Georgia153,671Macon
57%
Maine32,356Bangor
56%
Colorado174,081Fort Collins
56%
Indiana102,136South Bend
56%
Arizona269,123Chandler
55%
Iowa100,934Davenport
55%
South Dakota80,169Rapid City
54%
Indiana117,382Evansville
53%
Montana76,784Missoula
53%
Mississippi71,573Gulfport
52%
Montana52,619Bozeman
51%
Virginia233,464Arlington
50%
Kentucky74,363Bowling Green
50%
Arkansas88,233Fort Smith
50%
Wisconsin100,016Kenosha
50%
Oklahoma126,952Norman
50%
Kansas201,034Overland Park
49%
Montana57,800Great Falls
48%
Connecticut129,302Stamford
48%
Illinois149,167Joliet
47%
Illinois146,572Naperville
47%
Oklahoma112,458Broken Arrow
46%
Massachusetts120,479Cambridge
45%
Wyoming32,909Laramie
44%
New Hampshire90,323Nashua
44%
New Jersey130,450Elizabeth
42%
North Dakota54,243Grand Forks
42%
West Virginia30,153Morgantown
42%
Idaho105,405Nampa
42%
Kansas142,119Olathe
41%
New Jersey144,511Paterson
41%
Utah133,780West Valley City
41%
South Carolina119,992North Charleston
40%
West Virginia43,814Huntington
39%
Hawaii45,605Pearl City
38%
Michigan133,077Warren
38%
Hawaii47,540East Honolulu
36%
Maryland72,842Frederick
36%
Idaho129,555Meridian
35%
Rhode Island81,080Warwick
35%
Wyoming31,978Gillette
33%
Mississippi46,524Hattiesburg
33%
North Dakota47,236Minot
33%
New Mexico101,570Rio Rancho
33%
Nebraska53,644Bellevue
32%
Rhode Island72,405Pawtucket
32%
South Dakota27,859Aberdeen
31%
Nebraska51,363Grand Island
31%
Utah118,220West Jordan
31%
Vermont19,761South Burlington
30%
Kentucky60,903Owensboro
29%
Oregon108,527Gresham
28%
Maine36,409Lewiston
28%
Michigan131,864Sterling Heights
28%
Alaska11,562Wasilla
28%
Rhode Island81,698Cranston
27%
West Virginia28,612Parkersburg
27%
Maine25,364South Portland
24%
Arkansas81,561Springdale
24%
Maryland57,815Gaithersburg
22%
Vermont14,616Rutland
22%
Mississippi57,382Southaven
21%
Vermont10,798Essex
19%
South Carolina95,314Mount Pleasant
19%
South Dakota24,433Brookings
18%
Maryland68,181Rockville
17%
New Hampshire33,129Derry
12%
Delaware23,984Middletown
12%

Score Distribution

Percentile by Number Answered

Percent of People with Each Score

Your Score History

You have not taken this quiz since the last reset